Écriture et silence au xxe siècle / (notice nᵒ 12920)
[ vue normale ]
| 000 -LEADER | |
|---|---|
| fixed length control field | 02822 a2200361 4500 |
| 001 - CONTROL NUMBER | |
| control field | OB-pus-2361 |
| 003 - CONTROL NUMBER IDENTIFIER | |
| control field | FrMaCLE |
| 005 - DATE AND TIME OF LATEST TRANSACTION | |
| control field | 20251214082808.0 |
| 007 - PHYSICAL DESCRIPTION FIXED FIELD--GENERAL INFORMATION | |
| fixed length control field | cu ||||||m|||| |
| 008 - FIXED-LENGTH DATA ELEMENTS--GENERAL INFORMATION | |
| fixed length control field | 190225e||||||||xx |||||s|||||||||0|fr|d |
| 020 ## - INTERNATIONAL STANDARD BOOK NUMBER | |
| International Standard Book Number | 979-10-344-0497-1 |
| 024 7# - OTHER STANDARD IDENTIFIER | |
| Standard number or code | 10.4000/books.pus.2361 |
| Source of number or code | doi |
| 040 ## - CATALOGING SOURCE | |
| Original cataloging agency | FR-FrMaCLE |
| 041 ## - LANGUAGE CODE | |
| Language code of text/sound track or separate title | fra |
| 100 1# - MAIN ENTRY--PERSONAL NAME | |
| Personal name | Finck, Michèle |
| 245 10 - TITLE STATEMENT | |
| Title | Écriture et silence au xxe siècle / |
| Statement of responsibility, etc. | Michèle Finck, Yves-Michel Ergal. |
| 260 ## - PUBLICATION, DISTRIBUTION, ETC. | |
| Place of publication, distribution, etc. | Strasbourg : |
| Name of publisher, distributor, etc. | Presses universitaires de Strasbourg, |
| Date of publication, distribution, etc. | 2019. |
| 300 ## - PHYSICAL DESCRIPTION | |
| Extent | 366 p. |
| 500 ## - GENERAL NOTE | |
| General note | Ebook |
| 520 ## - SUMMARY, ETC. | |
| Summary, etc. | L’un des signes distinctifs du xxe siècle est l’émancipation du silence dans l’écriture, le désir de comprendre l’écriture hors de la domination du logos. Il y va d’une métamorphose du silence dans l’écriture du xxe siècle et d’une métamorphose de l’écriture du xxe siècle par la densité nouvelle du silence. L’enjeu est celui d’une critique de l’écriture par le silence en vue d’une façon neuve de penser l’écriture. Cette recherche engage une tentative de définition de l’écriture au xxe siècle en termes de tension entre le mot et le silence. Les questions soumises au travail collectif sont nombreuses : quelle est l’origine (onto logique, métaphysique, historique) de l’ascendant du silence dans l’écriture du xxe siècle ? Quelle est la nature et la fonction de ce silence ? Pourquoi le silence tend-il à être, au xxe siècle, une limite à laquelle l’écrire ne cesse de se heurter et de se mesurer ? En quoi la question du silence pose-t-elle celle de la légitimité de l’écriture au xxe siècle ? Comment le silence s’incarne-t-il dans la matière verbale ? Une architecture bâtie en fonction des genres littéraires a paru la plus apte à mettre en relief la remarquable polysémie du silence inentendue jusque-là : est tour à tour étudié l’échange de substance entre roman et silence, théâtre et silence, poésie et silence. L’élargissement de la réflexion à la musique et à la danse s’impose de lui-même tant le silence acquiert au xxe siècle une valeur et une fécondité musicales et chorégraphiques fondamentales. S’impose aussi l’élargissement de la recherche au cinéma qui est indissociable d’une exploration des possibles du silence. |
| 540 ## - TERMS GOVERNING USE AND REPRODUCTION NOTE | |
| Terms governing use and reproduction | OpenEdition Books License |
| Uniform Resource Identifier | <a href="https://www.openedition.org/12554">https://www.openedition.org/12554</a> |
| 650 #4 - SUBJECT ADDED ENTRY--TOPICAL TERM | |
| Topical term or geographic name entry element | Literature |
| Topical term or geographic name entry element | cinéma |
| Topical term or geographic name entry element | poésie |
| Topical term or geographic name entry element | littérature française |
| Topical term or geographic name entry element | musique |
| Topical term or geographic name entry element | littérature |
| Topical term or geographic name entry element | XXe siècle |
| 700 1# - ADDED ENTRY--PERSONAL NAME | |
| Personal name | Ergal, Yves-Michel |
| 760 0# - MAIN SERIES ENTRY | |
| International Standard Serial Number | 2679-1846 |
| 776 ## - ADDITIONAL PHYSICAL FORM ENTRY | |
| International Standard Book Number | 978-2-86820-401-1 |
| 856 4# - ELECTRONIC LOCATION AND ACCESS | |
| Data provenance | Finck, Michèle |
| Uniform Resource Identifier | <a href="https://books.openedition.org/pus/2361">https://books.openedition.org/pus/2361</a> |
| Link text | Écriture et silence au xxe siècle |
Pas d'exemplaire disponible.
